Catálogo público

Coping with risk in agriculture / (Record no. 204048)

MARC details
000 -CABECERA
campo de control de longitud fija 00927nam a2200313Ia 4500
001 - NÚMERO DE CONTROL
campo de control Para_5581
003 - IDENTIFICADOR DEL NÚMERO DE CONTROL
campo de control CHAP
008 - DATOS DE LONGITUD FIJA--INFORMACIÓN GENERAL
campo de control de longitud fija 220125s1998 xx 000 0 und d
010 ## - NÚMERO DE CONTROL DE LA BIBLIOTECA DEL CONGRESO
Número de control de LC 204048
040 ## - FUENTE DE LA CATALOGACIÓN
Centro/agencia transcriptor CHAP
082 ## - NÚMERO DE LA CLASIFICACIÓN DECIMAL DEWEY
Número de clasificación PA 630 H3
100 ## - ENTRADA PRINCIPAL--NOMBRE DE PERSONA
Nombre de persona Hardaker, J. Brian
9 (RLIN) 52628
245 ## - MENCIÓN DE TÍTULO
Título Coping with risk in agriculture /
Mención de responsabilidad, etc. by J. Brian Hardaker, Ruud B.M. Huirne and Jock R. Anderson
250 ## - MENCIÓN DE EDICIÓN
Mención de edición reimp., corr.
260 ## - PUBLICACIÓN, DISTRIBUCIÓN, ETC.
Lugar de publicación, distribución, etc. Oxon :
Nombre del editor, distribuidor, etc. CABI Publishing
300 ## - DESCRIPCIÓN FÍSICA
Extensión 274
650 ## - PUNTO DE ACCESO ADICIONAL DE MATERIA--TÉRMINO DE MATERIA
Término de materia o nombre geográfico como elemento de entrada Agricultura
Subdivisión general métodos estadísticos
9 (RLIN) 1745
650 ## - PUNTO DE ACCESO ADICIONAL DE MATERIA--TÉRMINO DE MATERIA
Término de materia o nombre geográfico como elemento de entrada Agricultura
Subdivisión general planeación
9 (RLIN) 137222
650 ## - PUNTO DE ACCESO ADICIONAL DE MATERIA--TÉRMINO DE MATERIA
Término de materia o nombre geográfico como elemento de entrada Agricultura
Subdivisión general simulación, métodos de
9 (RLIN) 170080
700 ## - PUNTO DE ACCESO ADICIONAL--NOMBRE DE PERSONA
Nombre de persona Anderson, Jock R.
9 (RLIN) 5590
700 ## - PUNTO DE ACCESO ADICIONAL--NOMBRE DE PERSONA
Nombre de persona Huirne, Ruud B.M.
9 (RLIN) 170081
901 ## - ELEMENTOS DE DATOS A LOCAL LDA (RLIN)
a PA 630 H3
902 ## - ELEMENTOS DE DATOS B LOCAL, LDB (RLIN)
a A
905 ## - ELEMENTOS DE DATOS E LOCAL, LDE (RLIN)
a 0000001998 an 0000000000 00
910 ## - DATOS DE OPCIÓN DEL USUARIO (OCLC)
Datos de opción del usuario 1998
942 ## - ELEMENTOS DE PUNTO DE ACCESO ADICIONAL (KOHA)
Tipo de ítem Koha Parasitologia_
942 ## - ELEMENTOS DE PUNTO DE ACCESO ADICIONAL (KOHA)
Tipo de ítem Koha Parasitologia_
-- 1
Holdings
Estado de retiro Estado de pérdida Fuente del sistema de clasificación o colocación Estado dañado Restricciones de uso No para préstamo Código de colección Localización permanente Ubicación/localización actual Fecha de adquisición Número de inventario Total de préstamos Signatura topográfica completa Código de barras Fecha visto por última vez Número de copia Precio válido a partir de Tipo de ítem Koha Nota pública
    Dewey Decimal Classification   Préstamo interno   General Parasitologia Agricola Parasitologia Agricola 27/10/2005 (PA_8026) (No. UACh C/E)   PA 630 H3 4102001313 25/01/2022 Ej.1 25/01/2022 Libro 3